000 00297nam a22001337a 4500
008 171107b xxu||||| |||| 00| 0 eng d
020 _a9780324270445
041 _aeng
080 _22 ED
_a330722.6
100 _a62
101 _aKON
245 _aFINANCIAL ACCOUTING
_cRICK.A
942 _2udc
_cBK
999 _c38038
_d38038